PT/Chem: Radioactive Elements - 21 Random - Statistics

General Stats
  • This quiz has been taken 145 times
    8 since last reset
  • The average score is 15 of 21
Answer Stats
Atomic
#
Sym
Element
% Correct
89 Ac Actinium
100%
95 Am Americium
100%
107 Bh Bohrium
100%
112 Cn Copernicium
100%
100 Fm Fermium
100%
87 Fr Francium
100%
103 Lr Lawrencium
100%
93 Np Neptunium
100%
118 Og Oganesson
100%
94 Pu Plutonium
100%
84 Po Polonium
100%
88 Ra Radium
100%
86 Rn Radon
100%
97 Bk Berkelium
75%
90 Th Thorium
75%
92 U Uranium
75%
85 At Astatine
67%
98 Cf Californium
67%
108 Hs Hassium
67%
113 Nh Nihonium
67%
61 Pm Promethium
67%
43 Tc Technetium
67%
96 Cm Curium
50%
105 Db Dubnium
50%
99 Es Einsteinium
50%
116 Lv Livermorium
50%
91 Pa Protactinium
50%
106 Sg Seaborgium
50%
117 Ts Tennessine
50%
109 Mt Meitnerium
33%
101 Md Mendelevium
33%
110 Ds Darmstadtium
0%
114 Fl Flerovium
0%
115 Mc Moscovium
0%
102 No Nobelium
0%
111 Rg Roentgenium
0%
104 Rf Rutherfordium
0%
No matching quizzes found
Score Distribution
Percent of People with Each Score
Percentile by Number Answered
Your Score History
You have not taken this quiz since the last reset